000 00313nam a22001337a 4500
008 211011b ||||| |||| 00| 0 eng d
041 _aeng
080 _a610
082 _a610
100 _a4
101 _aSHM
245 _aDiseases of the Chest With Emphasis on X-ray Diagnosis
_cRubin,E.H
942 _2udc
_cBK
999 _c58156
_d58156